000
00331nam a22001577a 4500
003
SGT
020
_a
9788170129233
082
_a
347.012
_b
THA
100
_a
THAKKER C K
245
_a
LAW OF WRITS
250
_a
6
260
_a
LUCKNOW
_b
EASTERN BOOK COMPANY
_c
2006
300
_a
1017
_a
2096
490
_a
I-II
942
_2
ddc
_c
BK
999
_c
27721
_d
27721